000
00348nam a2200133Ia 4500
008
230411s9999 xx 000 0 und d
041
_a
eng
082
_a
C/004/SUH/B04996
100
_a
Suhail Ahmed
245
_a
Computer Education for Nurses
260
_b
Frontline Publications
_a
Hyderabad
_c
2006
300
_a
230p
999
_c
155537
_d
155537